INORGANIC CHEMISTRY (Record no. 9843)
[ view plain ]
| 000 -LEADER | |
|---|---|
| fixed length control field | 01443nam a22001697a 4500 |
| 003 - CONTROL NUMBER IDENTIFIER | |
| control field | SGT |
| 020 ## - INTERNATIONAL STANDARD BOOK NUMBER | |
| International Standard Book Number | 9780198757177 |
| 082 ## - DEWEY DECIMAL CLASSIFICATION NUMBER | |
| Classification number | 546,WEL |
| 100 ## - MAIN ENTRY--PERSONAL NAME | |
| Personal name | WELLER,MARK |
| 245 ## - TITLE STATEMENT | |
| Title | INORGANIC CHEMISTRY |
| 250 ## - EDITION STATEMENT | |
| Edition statement | 6TH |
| 260 ## - PUBLICATION, DISTRIBUTION, ETC. (IMPRINT) | |
| Place of publication, distribution, etc | NEW DELHI |
| Name of publisher, distributor, etc | OXFORD UNIVERSITY PRESS |
| Year of Publication | 2015 |
| 300 ## - PAGE DESCRIPTION | |
| No. of Pages | 875 |
| 650 ## - SUBJECT ADDED ENTRY--TOPICAL TERM | |
| Topical term or geographic name as entry element | INORGANIC CHEMISTRY |
| 653 ## - KEYWORDS--INDEX TERM | |
| Keyword term | FOUNDATIONS CHAPTER 1: ATOMIC STRUCTURE CHAPTER 2: MOLECULAR STRUCTURE AND BONDING CHAPTER 3: THE STRUCTURES OF SIMPLE SOLIDS CHAPTER 4: ACIDS AND BASES CHAPTER 5: OXIDATION AND REDUCTION CHAPTER 6: MOLECULAR SYMMETRY CHAPTER 7: AN INTRODUCTION TO COORDINATION COMPOUNDS CHAPTER 8: PHYSICAL TECHNIQUES IN INORGANIC CHEMISTRY THE ELEMENTS AND THEIR COMPOUNDS CHAPTER 9: PERIODIC TRENDS CHAPTER 10: HYDROGEN CHAPTER 11: THE GROUP 1 ELEMENTS CHAPTER 12: THE GROUP 2 ELEMENTS CHAPTER 13: THE GROUP 13 ELEMENTS CHAPTER 14: THE GROUP 14 ELEMENTS CHAPTER 15: THE GROUP 15 ELEMENTS CHAPTER 16: THE GROUP 16 ELEMENTS CHAPTER 17: THE GROUP 17 ELEMENTS CHAPTER 18: THE GROUP 18 ELEMENTS CHAPTER 19: THE D-BLOCK ELEMENTS CHAPTER 20: D-METAL COMPLEXES: ELECTRONIC STRUCTURE AND PROPERTIES CHAPTER 21: COORDINATION CHEMISTRY: REACTIONS OF COMPLEXES CHAPTER 22: D-METAL ORGANOMETALLIC CHEMISTRY CHAPTER 23: THE F-BLOCK ELEMENTS FRONTIERS CHAPTER 24: MATERIALS CHEMISTRY AND NANOMATERIALS CHAPTER 25: CATALYSIS CHAPTER 26: BIOLOGICAL INORGANIC CHEMISTRY CHAPTER 27: INORGANIC CHEMISTRY IN MEDICINE |
| 942 ## - ADDED ENTRY ELEMENTS (KOHA) | |
| Source of classification or shelving scheme | Dewey Decimal Classification |
| Koha item type | FPS Books |
| Withdrawn status | Lost status | Source of classification or shelving scheme | Damaged status | Not for loan | Collection code | Home library | Current library | Shelving location | Date acquired | Vendor Name | Cost, normal purchase price | SGTU | Bill Number | Full call number | Accession No. (Barcode) | Date last seen | Bill Date | Koha item type |
|---|---|---|---|---|---|---|---|---|---|---|---|---|---|---|---|---|---|---|
| Dewey Decimal Classification | Not For Loan | SCIENCE | SGT Science & Social Sciences Library | SGT Science & Social Sciences Library | Reference Book | 05/09/2016 | AHUJA BOOK | 705.00 | SGTU | 7161 | 546,WEL | PS2359 | 05/09/2016 | 16/08/2016 | FPS Books |